Scary Pokemon Locations! - Statistics

General Stats
  • This quiz has been taken 17 times
  • The average score is 9 of 19
Answer Stats
Game Type Answer % Correct
Red/Blue/Yellow/FireRed/LeafGreen /Gold/Silver/Crystal /HeartGold/SoulSilver /Let's Go Pikachu!/Let's go Eevee! Town/City Lavender Town
100%
Gold/Silver/Crystal/HeartGold/SoulSilver Destroyed Structure Burned Tower
80%
Ruby/Sapphire/Emerald/Omega Ruby/Alpha Sapphire Burial Ground Mt. Pyre
80%
Red/Blue/Yellow
/FireRed/LeafGreen
/Let's Go Pikachu!/Let's go Eevee!
Burial Ground Pokemon Tower
80%
Platinum Alternate Dimension Distortion World
73%
Gold/Silver/Crystal/HeartGold/SoulSilver Ancient Structure Ruins Of Alph
73%
Diamond/Pearl/Platinum Abandoned Building Old Chateau
67%
Ruby/Sapphire/Emerald /Omega Ruby/Alpha Sapphire Destroyed Structure Abandoned Ship
47%
Sword/Shield Foggy Forest Slumbering Weald
40%
Black/White/Black 2/White 2 Room N's Room
33%
Black/White/Black 2/White 2 Burial Ground Celestial Tower
27%
Diamond/Pearl/Platinum Burial Ground Lost Tower
27%
Black 2/White 2 Abandoned Building Strange House
27%
Ultra Sun/Ultra Moon Alternate Dimension/Destroyed City Ultra Ruin
27%
Sun/Moon/Ultra Sun/Ultra Moon Burial Ground Hau'Oli Cemetery
20%
Sword/Shield (The Crown Tundra) Burial Ground Old Cemetery
20%
Black/White Ancient Structure Relic Castle
20%
X/Y Route Route 10
20%
Sun/Moon/Ultra Sun/Ultra Moon Destroyed Building Abandoned ThriftyMegamart
13%
No matching quizzes found
Score Distribution
Percent of People with Each Score
Percentile by Number Answered
Your Score History
You have not taken this quiz